[Event "VIE-ch U15 Girls"]
[Site "Ho Chi Minh City"]
[Date "2014.07.17"]
[Round "7"]
[White "Pham, Thi Thuy Hoa"]
[Black "Le, Hong Minh Nguyet"]
[Result "1-0"]
[WhiteElo "1670"]
[BlackElo "1898"]
[PlyCount "81"]
[EventDate "2014.07.13"]
[EventType "swiss"]
[EventRounds "9"]
[EventCountry "VIE"]
[SourceTitle "EXT 2016"]
[Source "ChessBase"]
[SourceDate "2015.10.08"]
[SourceVersion "1"]
[SourceVersionDate "2015.10.08"]
[SourceQuality "1"]

1. e4 c5 2. Nf3 d6 3. d4 cxd4 4. Nxd4 Nf6 5. Nc3 a6 6. Bd3 e6 7. 0-0 Be7 8. Kh1 0-0 9. Nb3 Nbd7 10. f4 b5 11. Qf3 Ne8 12. Be3 Bb7 13. Qg3 f5 14. Nd4 Rf6 15. Rg1 Rg6 16. Qh3 Rh6 17. Qg3 Bh4 18. Qf3 Nc5 19. b4 Nxd3 20. cxd3 Nc7 21. Rad1 Bf6 22. Qe2 Rc8 23. e5 dxe5 24. Nf3 exf4 25. Bxf4 Bxc3 26. Bxh6 gxh6 27. a3 Qe8 28. d4 Bxf3 29. gxf3+ Kf7 30. Qe5 Qh8 31. Qd6 Qf8 32. Qd7+ Kf6 33. Qxh7 Qe8 34. Qxh6+ Ke7 35. Rg7+ Kd6 36. Qf4+ Kc6 37. Qe5 Nd5 38. Rc1 Kb6 39. Rc2 Qc6 40. Rg6 Nc7 41. Qc5+ 1-0

[Event "VIE-ch U15 Girls"]
[Site "Ho Chi Minh City"]
[Date "2014.07.16"]
[Round "6"]
[White "Le, Hong Minh Nguyet"]
[Black "Nguyen, Bui Thu Trang"]
[Result "1-0"]
[WhiteElo "1898"]
[BlackElo "1892"]
[PlyCount "97"]
[EventDate "2014.07.13"]
[EventType "swiss"]
[EventRounds "9"]
[EventCountry "VIE"]
[SourceTitle "EXT 2016"]
[Source "ChessBase"]
[SourceDate "2015.10.08"]
[SourceVersion "1"]
[SourceVersionDate "2015.10.08"]
[SourceQuality "1"]

1. d4 Nf6 2. c4 g6 3. Nc3 Bg7 4. e4 d6 5. Nf3 0-0 6. Be2 e5 7. dxe5 dxe5 8. 0-0 Be6 9. Bg5 Nbd7 10. Qc2 Qc8 11. Rac1 c6 12. Rfd1 Nh5 13. b4 f6 14. Be3 b6 15. c5 bxc5 16. bxc5 Nf4 17. Bf1 Qe8 18. Rd6 Qf7 19. Rxc6 Rfc8 20. Bb5 Bf8 21. Rxc8 Rxc8 22. Ba6 Rc6 23. Bb7 Rc7 24. c6 Nc5 25. Bxf4 Nxb7 26. cxb7 Rxb7 27. Be3 Ba3 28. Rb1 Rc7 29. Bh6 Rc8 30. h3 Bd6 31. Be3 a5 32. Bd2 f5 33. Ng5 Qf6 34. Nxe6 Qxe6 35. exf5 gxf5 36. Qb3 Qxb3 37. Rxb3 Bb4 38. Nd5 Bf8 39. Rc3 Rd8 40. Rd3 Kf7 41. Bxa5 Ra8 42. Bc3 e4 43. Rd2 Bh6 44. Re2 Rd8 45. Ne3 Rd3 46. Nxf5 Bf8 47. Be1 Kf6 48. Ng3 Bc5 49. Nxe4+ 1-0

[Event "VIE-ch U15 Girls"]
[Site "Ho Chi Minh City"]
[Date "2014.07.15"]
[Round "4"]
[White "Le, Hong Minh Nguyet"]
[Black "Hoang, Minh Thu"]
[Result "1/2-1/2"]
[WhiteElo "1898"]
[BlackElo "1687"]
[PlyCount "50"]
[EventDate "2014.07.13"]
[EventType "swiss"]
[EventRounds "9"]
[EventCountry "VIE"]
[SourceTitle "EXT 2016"]
[Source "ChessBase"]
[SourceDate "2015.10.08"]
[SourceVersion "1"]
[SourceVersionDate "2015.10.08"]
[SourceQuality "1"]

1. d4 d5 2. c4 e6 3. Nf3 Be7 4. cxd5 exd5 5. Bf4 Nf6 6. e3 0-0 7. Bd3 h6 8. h3 Bd6 9. Bxd6 Qxd6 10. 0-0 Be6 11. Nc3 b6 12. Rc1 Nbd7 13. Nb5 Qb4 14. Nxc7 Rac8 15. Nxe6 fxe6 16. Qd2 Qxd2 17. Nxd2 Nb8 18. a3 a6 19. a4 a5 20. Bb5 Nbd7 21. Nf3 Rfd8 22. Rfd1 g5 23. Ne5 Nxe5 24. dxe5 Ne4 25. f3 Nc5 1/2-1/2

[Event "VIE-ch U15 Girls"]
[Site "Ho Chi Minh City"]
[Date "2014.07.13"]
[Round "1"]
[White "Vu Thi Dieu, Uyen"]
[Black "Le, Hong Minh Nguyet"]
[Result "1-0"]
[WhiteElo "1691"]
[BlackElo "1898"]
[PlyCount "108"]
[EventDate "2014.07.13"]
[EventType "swiss"]
[EventRounds "9"]
[EventCountry "VIE"]
[SourceTitle "EXT 2016"]
[Source "ChessBase"]
[SourceDate "2015.10.08"]
[SourceVersion "1"]
[SourceVersionDate "2015.10.08"]
[SourceQuality "1"]

1. d4 d5 2. Bf4 Nf6 3. e3 Bf5 4. Nd2 e6 5. Be2 c5 6. c3 Nc6 7. h3 cxd4 8. exd4 h6 9. Ngf3 Bd6 10. Be3 0-0 11. 0-0 a6 12. a4 Rc8 13. Nh4 Bh7 14. f4 Ne4 15. Nhf3 Ne7 16. Nxe4 Bxe4 17. Nh4 Nf5 18. Nxf5 exf5 19. Bf3 Qb6 20. Bxe4 fxe4 21. Rb1 f5 22. Kh1 Rf6 23. Rg1 Be7 24. g4 Kh7 25. g5 Rg6 26. Qh5 Qe6 27. Rg2 Bf8 28. Kh2 Rc4 29. a5 Rc7 30. h4 Kg8 31. Rc1 Qf7 32. Kg1 Kh7 33. b3 Rgc6 34. Qxf7 Rxf7 35. c4 Rd7 36. c5 Bxc5 37. Rxc5 Rxc5 38. dxc5 d4 39. Rd2 d3 40. Kf2 Kg6 41. Kg3 h5 42. Kf2 Kf7 43. Ke1 Ke6 44. Ra2 Kd5 45. Ra4 Kc6 46. Rb4 Kc7 47. Rd4 g6 48. Rb4 Rd8 49. Kd2 Rg8 50. Rb6 Kc8 51. c6 Rg7 52. cxb7+ Rxb7 53. Rxb7 Kxb7 54. Kc3 Kc6 1-0